[Event "Arber op Seniors 2nd"]
[Site "Bayerisch Eisenstein"]
[Date "2014.08.21"]
[Round "6"]
[White "Scheuerlein, Gerhard"]
[Black "Tveten, Per"]
[Result "1-0"]
[WhiteElo "1813"]
[BlackElo "1578"]
[PlyCount "99"]
[EventDate "2014.08.16"]
[EventType "swiss"]
[EventRounds "9"]
[EventCountry "GER"]
[SourceTitle "EXT 2016"]
[Source "ChessBase"]
[SourceDate "2015.10.08"]
[SourceVersion "1"]
[SourceVersionDate "2015.10.08"]
[SourceQuality "1"]

1. d4 d5 2. c4 c6 3. e3 Bf5 4. Bd3 Bxd3 5. Qxd3 e6 6. Nf3 Bb4+ 7. Nc3 Nf6 8. Bd2 0-0 9. a3 Bxc3 10. bxc3 Ne4 11. Rb1 Nxd2 12. Nxd2 b6 13. 0-0 Nd7 14. cxd5 cxd5 15. c4 Nf6 16. cxd5 Nxd5 17. e4 Nf4 18. Qe3 Ng6 19. f4 f5 20. exf5 exf5 21. Nf3 Qd6 22. g3 Rfe8 23. Qb3+ Kh8 24. Rbd1 h6 25. h4 Re7 26. h5 Nf8 27. Ne5 Qe6 28. d5 Qd6 29. Rc1 Rd8 30. Nc6 Rdd7 31. Nxe7 Qxe7 32. Rc8 Rd8 33. Rxd8 Qxd8 34. Re1 Nd7 35. d6 Nc5 36. Qf7 Ne4 37. d7 Qc7 38. Qf8+ Kh7 39. Qc8 Qd6 40. d8Q Qxd8 41. Qxd8 Nxg3 42. Re8 Nxh5 43. Rh8+ Kg6 44. Qe8+ Kf6 45. Qxh5 a5 46. Rf8+ Ke7 47. Qf7+ Kd6 48. Rd8+ Kc6 49. Qd5+ Kc7 50. Rd7+ 1-0

[Event "Arber op Seniors 2nd"]
[Site "Bayerisch Eisenstein"]
[Date "2014.08.18"]
[Round "3"]
[White "Reichert, Rudolf"]
[Black "Scheuerlein, Gerhard"]
[Result "1-0"]
[WhiteElo "1845"]
[BlackElo "1813"]
[PlyCount "59"]
[EventDate "2014.08.16"]
[EventType "swiss"]
[EventRounds "9"]
[EventCountry "GER"]
[SourceTitle "EXT 2016"]
[Source "ChessBase"]
[SourceDate "2015.10.08"]
[SourceVersion "1"]
[SourceVersionDate "2015.10.08"]
[SourceQuality "1"]

1. e4 Nc6 2. Nf3 e5 3. Nc3 d6 4. h3 g6 5. Bc4 Na5 6. Bb5+ c6 7. Be2 b6 8. d4 Qe7 9. d5 c5 10. a3 Nb7 11. Bb5+ Bd7 12. Bc6 Rb8 13. Nb5 a6 14. Nc7+ Kd8 15. Nxa6 Ra8 16. Bxb7 Bb5 17. Bxa8 Bxa6 18. Bc6 Qc7 19. b4 Ne7 20. Bg5 Bg7 21. Bxe7+ Kxe7 22. b5 Bc8 23. a4 h6 24. a5 g5 25. a6 Bd7 26. Nd2 Bxc6 27. dxc6 Ra8 28. Nc4 Bf8 29. Qg4 Kd8 30. Rd1 1-0

[Event "Arber op Seniors 2nd"]
[Site "Bayerisch Eisenstein"]
[Date "2014.08.17"]
[Round "2"]
[White "Scheuerlein, Gerhard"]
[Black "Selig, Rainer"]
[Result "0-1"]
[WhiteElo "1813"]
[BlackElo "2070"]
[PlyCount "78"]
[EventDate "2014.08.16"]
[EventType "swiss"]
[EventRounds "9"]
[EventCountry "GER"]
[SourceTitle "EXT 2016"]
[Source "ChessBase"]
[SourceDate "2015.10.08"]
[SourceVersion "1"]
[SourceVersionDate "2015.10.08"]
[SourceQuality "1"]

1. d4 d5 2. c4 dxc4 3. Na3 e5 4. d5 Bb4+ 5. Bd2 Bxa3 6. bxa3 Qxd5 7. Qc2 b5 8. a4 a6 9. e4 Qc5 10. a3 Nc6 11. Nf3 Nf6 12. Be2 Nd4 13. Nxd4 exd4 14. Bf3 Qe5 15. Rb1 0-0 16. 0-0 c3 17. Bc1 Be6 18. g3 Rad8 19. Bf4 Qc5 20. Rfc1 Rfe8 21. axb5 axb5 22. Be2 Bc4 23. Bxc4 Qxc4 24. Rb4 Qc5 25. Qd3 c6 26. f3 Qa7 27. Kg2 Nh5 28. Rd1 Nxf4+ 29. gxf4 c5 30. Rxb5 Qxa3 31. Qc4 Re6 32. f5 Rc6 33. Rb7 Rf8 34. Qd5 c2 35. Rxf7 Rxf7 36. Qd8+ Rf8 37. Qd5+ Kh8 38. Rg1 Rcf6 39. Qc4 Rg6+ 0-1

[Event "Bayern-ch op Seniors 26th"]
[Site "Bergen"]
[Date "2014.06.28"]
[Round "9"]
[White "Scheuerlein, Gerhard"]
[Black "Babichev, Vyacheslav"]
[Result "1-0"]
[WhiteElo "1585"]
[BlackElo "1689"]
[PlyCount "42"]
[EventDate "2014.06.21"]
[EventType "swiss"]
[EventRounds "7"]
[EventCountry "GER"]
[SourceTitle "EXT 2018"]
[Source "ChessBase"]
[SourceDate "2017.10.13"]
[SourceVersion "1"]
[SourceVersionDate "2017.10.13"]
[SourceQuality "1"]

1. d4 b6 2. c4 Bb7 3. Nc3 e6 4. Nh3 Bb4 5. Qc2 f5 6. Bf4 Nf6 7. a3 Be7 8. f3 0-0 9. e3 Nh5 10. Bg3 Nxg3 11. hxg3 d6 12. f4 h6 13. Nb5 Be4 14. Bd3 Bxd3 15. Qxd3 Nd7 16. d5 Bf6 17. 0-0-0 a6 18. Nc3 Qe7 19. e4 Bxc3 20. Qxc3 exd5 21. exd5 Qe3+ 1-0

[Event "Bayern-ch Seniors 25th"]
[Site "Bergen"]
[Date "2013.06.15"]
[Round "1.22"]
[White "Maugg, Ludwig"]
[Black "Scheuerlein, Gerhard"]
[Result "1-0"]
[WhiteElo "1811"]
[BlackElo "1546"]
[PlyCount "45"]
[EventDate "2013.06.15"]
[EventType "swiss"]
[EventRounds "9"]
[EventCountry "GER"]
[SourceTitle "EXT 2022"]
[Source "ChessBase"]
[SourceDate "2021.10.06"]
[SourceVersion "1"]
[SourceVersionDate "2021.10.06"]
[SourceQuality "1"]

1. d4 d5 2. c4 e6 3. Nc3 Nf6 4. cxd5 exd5 5. Bg5 Nbd7 6. e3 Be7 7. Bd3 h6 8. Bh4 0-0 9. Qc2 Re8 10. Nge2 c5 11. dxc5 Nxc5 12. 0-0 Nxd3 13. Qxd3 g5 14. Bg3 Be6 15. Rad1 Bd6 16. f4 Bg4 17. fxg5 Bxe2 18. Nxe2 hxg5 19. Qf5 Bxg3 20. Nxg3 Re6 21. Nh5 Qe7 22. Nxf6+ Rxf6 23. Qxf6 1-0

[Event "Bayern-ch Seniors 24nd"]
[Site "Bergen"]
[Date "2012.06.22"]
[Round "7"]
[White "Niedermaier, Peter"]
[Black "Scheuerlein, Gerhard"]
[Result "1-0"]
[WhiteElo "1644"]
[BlackElo "1586"]
[PlyCount "75"]
[EventDate "2012.06.16"]
[EventType "swiss"]
[EventRounds "9"]
[EventCountry "GER"]
[SourceTitle "EXT 2015"]
[Source "ChessBase"]
[SourceDate "2014.11.20"]
[SourceVersion "1"]
[SourceVersionDate "2014.11.20"]
[SourceQuality "1"]

1. e4 e6 2. d4 d5 3. Nc3 Nf6 4. e5 Nfd7 5. Nf3 c5 6. Ne2 b6 7. c3 Ba6 8. g3 Be7 9. Bg2 Nc6 10. 0-0 0-0 11. Re1 cxd4 12. cxd4 Bb4 13. Nc3 Rc8 14. a3 Be7 15. Be3 Na5 16. Nd2 Nc4 17. Nxc4 Bxc4 18. Qg4 Bd3 19. Qf3 Bg6 20. Rac1 a6 21. Qe2 b5 22. Na2 Qb6 23. Qd2 Qb7 24. Nb4 Nb6 25. b3 a5 26. Nd3 Bxd3 27. Qxd3 Bxa3 28. Rxc8 Rxc8 29. Qxb5 Bb4 30. Rb1 Kf8 31. h4 Qc6 32. Qa6 Ra8 33. Qd3 Qd7 34. Qxh7 Rc8 35. Qh8+ Ke7 36. Qxg7 Rc2 37. h5 Kd8 38. h6 1-0

[Event "Bad Wiessee Seniors op"]
[Site "Bad Wiessee"]
[Date "2012.04.28"]
[Round "8"]
[White "Flockerzi, Armin"]
[Black "Scheuerlein, Gerhard"]
[Result "1-0"]
[WhiteElo "1598"]
[BlackElo "1596"]
[PlyCount "55"]
[EventDate "2012.04.21"]
[EventType "swiss"]
[EventRounds "9"]
[EventCountry "GER"]
[SourceTitle "EXT 2015"]
[Source "ChessBase"]
[SourceDate "2014.11.20"]
[SourceVersion "1"]
[SourceVersionDate "2014.11.20"]
[SourceQuality "1"]

1. d4 d5 2. Nf3 Nf6 3. e3 e6 4. g3 Bd6 5. Nbd2 Nbd7 6. c4 c6 7. Be2 0-0 8. 0-0 Re8 9. Qc2 Nf8 10. Bd3 Bd7 11. e4 dxe4 12. Nxe4 Nxe4 13. Bxe4 Rc8 14. c5 Be7 15. Bf4 g5 16. Bd2 f5 17. Bd3 Bf6 18. Bc4 Kg7 19. Bc3 Re7 20. Rfe1 Qe8 21. Re2 Ng6 22. Rae1 Nf4 23. Re3 g4 24. Ne5 Ng6 25. Nxd7 Qxd7 26. Bxe6 Rxe6 27. Rxe6 Bxd4 28. Rd6 1-0

[Event "Bayern-ch Seniors 23rd"]
[Site "Bergen"]
[Date "2011.05.28"]
[Round "1"]
[White "Hein, Manfred"]
[Black "Scheuerlein, Gerhard"]
[Result "1-0"]
[WhiteElo "1916"]
[BlackElo "1586"]
[PlyCount "77"]
[EventDate "2011.05.28"]
[EventType "swiss"]
[EventRounds "9"]
[EventCountry "GER"]
[SourceTitle "EXT 2012"]
[Source "ChessBase"]
[SourceDate "2011.11.24"]
[SourceVersion "1"]
[SourceVersionDate "2011.11.24"]
[SourceQuality "1"]

1. e4 e6 2. d4 d5 3. e5 c5 4. c3 Nc6 5. Nf3 Qb6 6. Be2 cxd4 7. cxd4 Bb4+ 8. Nc3 Nge7 9. 0-0 Bxc3 10. bxc3 0-0 11. Bd3 h6 12. Qb3 Qc7 13. Bd2 b6 14. Rac1 Bd7 15. Bb1 f6 16. exf6 Rxf6 17. Rce1 Ng6 18. Bxg6 Rxg6 19. Ne5 Rf6 20. Ng4 Rg6 21. f3 h5 22. Qb1 Be8 23. Ne5 Nxe5 24. Rxe5 Qf7 25. h4 Rf6 26. Rfe1 Bd7 27. Bg5 Rg6 28. R1e3 Rc8 29. Qd1 b5 30. f4 b4 31. cxb4 Rc4 32. a3 Rxg5 33. fxg5 Qf4 34. g3 Qxd4 35. Qxd4 Rxd4 36. Rc3 Rd1+ 37. Kf2 d4 38. Rc7 Bb5 39. Rxb5 1-0

[Event "Bayern-ch Seniors 22nd"]
[Site "Bergen"]
[Date "2010.06.16"]
[Round "5"]
[White "Rudek, Gerald"]
[Black "Scheuerlein, Gerhard"]
[Result "1-0"]
[WhiteElo "1541"]
[BlackElo "1657"]
[PlyCount "133"]
[EventDate "2010.06.12"]
[EventType "swiss"]
[EventRounds "9"]
[EventCountry "GER"]
[SourceTitle "EXT 2011"]
[Source "ChessBase"]
[SourceDate "2010.11.26"]
[SourceVersion "1"]
[SourceVersionDate "2010.11.26"]
[SourceQuality "1"]

1. d4 d5 2. c4 e6 3. Nc3 Nf6 4. e3 Be7 5. Nf3 0-0 6. Bd3 b6 7. 0-0 c5 8. cxd5 exd5 9. b3 Ba6 10. Re1 Bxd3 11. Qxd3 Nc6 12. Bb2 Nb4 13. Qe2 Re8 14. a3 Nc6 15. Qc2 Rc8 16. Rac1 Qd7 17. dxc5 Bxc5 18. Qb1 Qg4 19. Red1 Qh5 20. b4 Bd6 21. Nb5 Bb8 22. Bxf6 gxf6 23. Nbd4 Nxd4 24. Rxd4 Rxc1+ 25. Qxc1 Qf5 26. Kf1 Rc8 27. Qd1 Rd8 28. h3 Kh8 29. Qd3 Qxd3+ 30. Rxd3 Be5 31. Ke2 Kg7 32. Rd2 Kf8 33. Rc2 Rd7 34. b5 Bd6 35. a4 Bc5 36. Kd3 Ke7 37. g4 Rd8 38. Nh4 Ke6 39. Nf5 Rg8 40. Nd4+ Kd7 41. Nc6 h5 42. f3 hxg4 43. hxg4 Rh8 44. Nxa7 Ra8 45. Nc6 Rxa4 46. Rc3 Ra1 47. Rb3 Rd1+ 48. Ke2 Rc1 49. Nd4 Rc4 50. Kd3 Rc1 51. Ke2 Rg1 52. Kf2 Rh1 53. Kg3 Rd1 54. Nf5 Rc1 55. Kf4 Rc4+ 56. Kg3 d4 57. exd4 Bxd4 58. Rd3 Kc7 59. Rxd4 Rc5 60. Rb4 Kd7 61. Kf4 Ke6 62. Rb3 Rc4+ 63. Ke3 Rc1 64. Kd4 Rd1+ 65. Kc4 Rd5 66. Re3+ Kd7 67. Kxd5 1-0

[Event "Bayern-ch Seniors 22nd"]
[Site "Bergen"]
[Date "2010.06.14"]
[Round "3"]
[White "Mittelstaedt, Ewald"]
[Black "Scheuerlein, Gerhard"]
[Result "0-1"]
[WhiteElo "1460"]
[BlackElo "1657"]
[PlyCount "78"]
[EventDate "2010.06.12"]
[EventType "swiss"]
[EventRounds "9"]
[EventCountry "GER"]
[SourceTitle "EXT 2011"]
[Source "ChessBase"]
[SourceDate "2010.11.26"]
[SourceVersion "1"]
[SourceVersionDate "2010.11.26"]
[SourceQuality "1"]

1. d4 d5 2. Nf3 Nf6 3. e3 e6 4. Bd3 Be7 5. 0-0 0-0 6. Re1 b6 7. Nbd2 Ba6 8. Qe2 Bxd3 9. Qxd3 c5 10. c3 cxd4 11. exd4 Nbd7 12. Ne5 Qc7 13. f4 Rac8 14. h3 Bd6 15. g4 g6 16. Qg3 Kh8 17. Kg2 b5 18. a3 a5 19. Qh4 Be7 20. g5 Nh5 21. Ndf3 Kg7 22. Bd2 Nb6 23. Qg4 Nc4 24. Nxc4 bxc4 25. Ne5 Rb8 26. Rab1 Rb7 27. Nxf7 Rxf7 28. Qxe6 Bxg5 29. Qe5+ Qxe5 30. dxe5 Bxf4 31. Bxf4 Nxf4+ 32. Kg3 Nd3 33. Re2 Rfe7 34. e6 Rb6 35. b4 axb4 36. axb4 Rbxe6 37. Rxe6 Rxe6 38. Rf1 h6 39. Rf3 g5 0-1

[Event "Bayern-ch Seniors 21st"]
[Site "Bergen"]
[Date "2009.06.26"]
[Round "7"]
[White "Babichev, Vyacheslav"]
[Black "Scheuerlein, Gerhard"]
[Result "1-0"]
[WhiteElo "1718"]
[BlackElo "1653"]
[PlyCount "67"]
[EventDate "2009.06.20"]
[EventType "swiss"]
[EventRounds "9"]
[EventCountry "GER"]
[SourceTitle "EXT 2015"]
[Source "ChessBase"]
[SourceDate "2014.11.20"]
[SourceVersion "1"]
[SourceVersionDate "2014.11.20"]
[SourceQuality "1"]

1. e4 e6 2. d4 d5 3. Nd2 Nf6 4. e5 Nfd7 5. Ngf3 c5 6. c3 Nc6 7. Bb5 Qb6 8. a4 a6 9. Bxc6 bxc6 10. 0-0 cxd4 11. cxd4 c5 12. Nb3 Rb8 13. Nxc5 Nxc5 14. dxc5 Bxc5 15. Qc2 0-0 16. Kh1 Be7 17. Rd1 Bd7 18. Ne1 Rfc8 19. Qe2 Rc4 20. a5 Qa7 21. Nd3 Rbc8 22. Be3 Qb7 23. Bb6 Bb5 24. Qe1 Re4 25. Qd2 Bxd3 26. Qxd3 Rxe5 27. Bd4 Rg5 28. f4 Rg6 29. f5 exf5 30. Qxf5 Rg5 31. Qf3 Rc7 32. Rab1 Rc6 33. Bb6 Bd8 34. Bxd8 1-0

[Event "Bayern-ch Seniors 21st"]
[Site "Bergen"]
[Date "2009.06.23"]
[Round "4"]
[White "Scheuerlein, Gerhard"]
[Black "Kokulinsky, Ralf"]
[Result "1/2-1/2"]
[WhiteElo "1653"]
[BlackElo "1459"]
[PlyCount "90"]
[EventDate "2009.06.20"]
[EventType "swiss"]
[EventRounds "9"]
[EventCountry "GER"]
[SourceTitle "EXT 2015"]
[Source "ChessBase"]
[SourceDate "2014.11.20"]
[SourceVersion "1"]
[SourceVersionDate "2014.11.20"]
[SourceQuality "1"]

1. d4 d5 2. Nf3 e6 3. Bf4 Nf6 4. e3 Be7 5. Nbd2 0-0 6. Bd3 Nbd7 7. h3 c5 8. c3 Qb6 9. Rb1 Bd6 10. Ne5 cxd4 11. exd4 Qc7 12. Qe2 a6 13. g4 Ne8 14. g5 Bxe5 15. dxe5 Nc5 16. Bc2 Bd7 17. h4 Bc6 18. Rh3 Rd8 19. Nf3 Ba4 20. Bxa4 Nxa4 21. Nd4 Qc4 22. Qxc4 dxc4 23. b4 Nc7 24. b5 Nxc3 25. Rxc3 Rxd4 26. bxa6 bxa6 27. Be3 Rxh4 28. Rbc1 Rh1+ 29. Ke2 Rxc1 30. Rxc1 Nd5 31. Rxc4 Nxe3 32. Kxe3 g6 33. Rc6 Ra8 34. a4 a5 35. Rc5 Ra7 36. Kd3 Kg7 37. Kc4 h5 38. gxh6+ Kxh6 39. Kb5 Ra8 40. Rc7 Rd8 41. Rxf7 Rd5+ 42. Kc6 Rxe5 43. Kd6 Re4 44. Ra7 Rxa4 45. Kxe6 Kg5 1/2-1/2

[Event "Bayern-ch Seniors 21st"]
[Site "Bergen"]
[Date "2009.06.22"]
[Round "3"]
[White "Hein, Manfred"]
[Black "Scheuerlein, Gerhard"]
[Result "1-0"]
[WhiteElo "1960"]
[BlackElo "1653"]
[PlyCount "99"]
[EventDate "2009.06.20"]
[EventType "swiss"]
[EventRounds "9"]
[EventCountry "GER"]
[SourceTitle "EXT 2015"]
[Source "ChessBase"]
[SourceDate "2014.11.20"]
[SourceVersion "1"]
[SourceVersionDate "2014.11.20"]
[SourceQuality "1"]

1. Nf3 Nf6 2. d4 d5 3. h3 e6 4. e3 Bd6 5. Bd3 h6 6. Nbd2 0-0 7. 0-0 b6 8. Qe2 c5 9. dxc5 bxc5 10. c4 Bb7 11. e4 dxe4 12. Nxe4 Nxe4 13. Bxe4 Bxe4 14. Qxe4 Nd7 15. Qe2 Qc7 16. Re1 Bf4 17. b3 Bxc1 18. Raxc1 a5 19. Rcd1 Rad8 20. Rd3 Nb8 21. Red1 Nc6 22. Qe3 Rxd3 23. Rxd3 Rd8 24. Rxd8+ Nxd8 25. Qe4 Nc6 26. Qe3 Qd6 27. g4 f6 28. Nd2 Kf7 29. Ne4 Qd1+ 30. Kg2 Nd4 31. Nxc5 e5 32. Qd3 Qe1 33. Qe3 Ne2 34. Kf3 Nd4+ 35. Ke4 Qh1+ 36. f3 Qb1+ 37. Kd5 Qd1 38. Nd3 Qxf3+ 39. Qxf3 Nxf3 40. a3 Ng5 41. Nf2 Ke7 42. b4 axb4 43. axb4 Kd7 44. b5 Kc7 45. c5 Nf3 46. Ne4 Nd4 47. b6+ Kb8 48. c6 Nb5 49. Kc5 Nd4 50. c7+ 1-0

[Event "Bayern-ch Seniors 20th"]
[Site "Bergen"]
[Date "2008.06.09"]
[Round "3.20"]
[White "Scheuerlein, Gerhard"]
[Black "Gudat, Alfons"]
[Result "1/2-1/2"]
[WhiteElo "1590"]
[BlackElo "1840"]
[PlyCount "60"]
[EventDate "2008.06.07"]
[EventType "swiss"]
[EventRounds "9"]
[EventCountry "GER"]
[SourceTitle "EXT 2022"]
[Source "ChessBase"]
[SourceDate "2021.10.06"]
[SourceVersion "1"]
[SourceVersionDate "2021.10.06"]
[SourceQuality "1"]

1. Nf3 f5 2. b3 d6 3. d4 Nf6 4. e3 g6 5. Bb2 Bg7 6. Nbd2 0-0 7. Bc4+ d5 8. Be2 Ne4 9. h4 h5 10. Ng5 Qe8 11. c4 e6 12. Rh3 Nd7 13. f4 Nef6 14. Ba3 c5 15. dxc5 Qe7 16. b4 Ne4 17. Ndxe4 dxe4 18. Rb1 Nf6 19. Qd6 Re8 20. Qxe7 Rxe7 21. Rd1 Bd7 22. Kf2 a6 23. Rhh1 Ba4 24. Rd6 e5 25. g3 exf4 26. gxf4 Rd7 27. Bb2 Rxd6 28. cxd6 Ng4+ 29. Bxg4 Bxb2 30. Be2 Ba3 1/2-1/2

[Event "Bayern-ch Seniors 20th"]
[Site "Bergen"]
[Date "2008.06.07"]
[Round "1.16"]
[White "Scheuerlein, Gerhard"]
[Black "Mueller, Lutz"]
[Result "0-1"]
[WhiteElo "1590"]
[BlackElo "1951"]
[PlyCount "50"]
[EventDate "2008.06.07"]
[EventType "swiss"]
[EventRounds "9"]
[EventCountry "GER"]
[SourceTitle "EXT 2022"]
[Source "ChessBase"]
[SourceDate "2021.10.06"]
[SourceVersion "1"]
[SourceVersionDate "2021.10.06"]
[SourceQuality "1"]

1. d4 d5 2. Nf3 Bf5 3. Bf4 Nf6 4. e3 e6 5. Bd3 Bg6 6. Bxg6 hxg6 7. Nbd2 Nh5 8. Ne5 Nxf4 9. exf4 c5 10. Ndf3 Be7 11. Qd3 Nc6 12. Nxg6 fxg6 13. Qxg6+ Kf8 14. Qxe6 Qa5+ 15. Kf1 Nxd4 16. Nxd4 cxd4 17. Re1 Qa6+ 18. Qxa6 bxa6 19. g4 Rb8 20. b3 Rc8 21. Re2 Rh3 22. Re6 Rxc2 23. Rxa6 Rf3 24. Kg2 Rfxf2+ 25. Kg1 d3 0-1

[Event "Chiemgau Seniors Cup 3th"]
[Site "Bergen"]
[Date "2007.10.24"]
[Round "3"]
[White "Klein, Leo"]
[Black "Scheuerlein, Gerhard"]
[Result "1-0"]
[WhiteElo "1896"]
[BlackElo "1644"]
[PlyCount "87"]
[EventDate "2007.10.22"]
[EventType "swiss"]
[EventRounds "9"]
[EventCountry "GER"]
[SourceTitle "EXT 2008"]
[Source "ChessBase"]
[SourceDate "2007.11.25"]
[SourceVersion "1"]
[SourceVersionDate "2007.11.25"]
[SourceQuality "1"]

1. d4 Nf6 2. Nf3 e6 3. Bf4 b6 4. Nbd2 Bb7 5. e3 d5 6. Ne5 Bd6 7. Bg3 0-0 8. Bd3 c5 9. c3 Ne4 10. f4 c4 11. Bxe4 dxe4 12. Nexc4 Be7 13. 0-0 f5 14. Ne5 Nd7 15. Qb3 Rf6 16. Ndc4 Bd5 17. Nxd7 Qxd7 18. Ne5 Qe8 19. c4 Bb7 20. Bh4 Rh6 21. Bxe7 Qxe7 22. g3 g5 23. Rad1 Kg7 24. Qa4 gxf4 25. Rxf4 Rf6 26. Rdf1 h5 27. Rh4 Rh6 28. Qd1 Qg5 29. Qe2 a5 30. Rff4 Rd8 31. Qd2 Qe7 32. Qc3 Rc8 33. a3 Qc7 34. b3 b5 35. d5 Kh7 36. dxe6 bxc4 37. Nxc4 Bd5 38. Rxf5 Bxe6 39. Rfxh5 Rxh5 40. Rxh5+ Kg6 41. Rxa5 Bxc4 42. bxc4 Qf7 43. Ra6+ Kg5 44. Qe5+ 1-0

[Event "Bayern-ch Seniors 19th"]
[Site "Schloss Schney"]
[Date "2007.06.19"]
[Round "8"]
[White "Scheuerlein, Gerhard"]
[Black "Hein, Manfred"]
[Result "1/2-1/2"]
[WhiteElo "1627"]
[BlackElo "2017"]
[PlyCount "82"]
[EventDate "2007.06.12"]
[EventType "swiss"]
[EventRounds "9"]
[EventCountry "GER"]
[SourceTitle "EXT 2008"]
[Source "ChessBase"]
[SourceDate "2007.11.25"]
[SourceVersion "1"]
[SourceVersionDate "2007.11.25"]
[SourceQuality "1"]

1. d4 d5 2. Bf4 Nf6 3. h3 c6 4. e3 Bf5 5. Nf3 h6 6. Bd3 Bxd3 7. Qxd3 Qb6 8. b3 Ne4 9. 0-0 Nd7 10. Nbd2 Ndf6 11. Rfc1 e6 12. c4 Be7 13. Be5 0-0 14. c5 Qa5 15. b4 Qd8 16. a4 Nxd2 17. Nxd2 Nd7 18. Bg3 a6 19. b5 axb5 20. axb5 Ra5 21. b6 Qa8 22. Nb3 Rxa1 23. Rxa1 Qc8 24. Ra7 e5 25. Na5 exd4 26. exd4 Nxc5 27. dxc5 Bxc5 28. Rxb7 Qe6 29. Nb3 Qe1+ 30. Qf1 Qb4 31. Nxc5 Qxc5 32. Qe1 d4 33. Qe7 Qc4 34. Bd6 Rc8 35. Rc7 Rb8 36. b7 Kh7 37. Qe4+ g6 38. Qxc6 Qxc6 39. Rxc6 Rxb7 40. Be5 d3 41. Rc8 g5 1/2-1/2